00677nam a2200157 a 450000100100000000500170001000800410002704000250006811000820009324500670017526001250024230000210036704900090038895201050039799900170050200003420020200930070848.0110928s1937 000 spa d aDO-SdBNPbspacBNPHU2 aRepública DominicanabDirección General de Estadísticas Nacional95962110aFinanzas municipales ingresos y egresos del año 1936-[1940]. aCiudad Trujillo, República Dominicana :bSección de Publicaciones de la Dirección General de Estadística,c1937. a128 p. ;c26 cm. aBNPD 001050718MOaPDbPDcCTd2011-09-28iLF1l0o p34200-10r2020-06-25w2020-06-25y1ZNo se presta c33691d33691